Creative art and Craft (Record no. 5071)

MARC details
000 -LEADER
fixed length control field 00227nam a22000857a 4500
008 - FIXED-LENGTH DATA ELEMENTS--GENERAL INFORMATION
fixed length control field 161227b xxu||||| |||| 00| 0 eng d
100 ## - MAIN ENTRY--PERSONAL NAME
9 (RLIN) 2182
Personal name Kaur.K
245 ## - TITLE STATEMENT
Title Creative art and Craft
260 ## - PUBLICATION, DISTRIBUTION, ETC. (IMPRINT)
Place of publication, distribution, etc. New Delhi
Name of publisher, distributor, etc. Cordava Publication
Date of publication, distribution, etc. 2006
Holdings
Withdrawn status Lost status Source of classification or shelving scheme Damaged status Koha normalized classification for sorting Not for loan Home library Current library Shelving location Date acquired Total Checkouts Full call number Barcode Date last seen Price effective from Koha item type
    Dewey Decimal Classification   700_000000000000000   Good Samaritan School Library Good Samaritan School Library ART & CRAFT 12/27/2016   700 KAU10370 12/27/2016 12/27/2016 BOOK

Powered by Koha